000 00961nam a2200277Ia 4500
003 OSt
005 20221005112417.0
006 a|||||r|||| 00| 0
007 ta
008 221004b |||||||| |||| 00| 0 pan d
020 _c275
024 _a117536
037 _b634, 19/03/2012, H.K. Prakashan
_cTextual
040 _aCRL
_cCRL
_bpan
041 _2pan
_apan
082 _aO153,2N40:g, P6
100 _aਜਸਬੀਰ ਕੇਸਰ, ਥਦ।
245 0 _aਕੇਸਰ ਸਿੰਘ ਕੇਸਰ
_b ਨਾਟ ਚਿੰਤਨ
260 _aਚੰਡਿਗੜ
_bਲੋਕਗੀਤ ਪ੍ਰਕਾਨ ਭਾਰਤ
_c2006
300 _a247ਪੰ
_ccm.
650 _a ਆਲੋਚਨਾ
650 _a ਪੰਜਾਬੀ ਨਾਟਕ
650 _aਪੰਜਾਬੀ ਸਾਹਿਤ
942 _hO153,2N40:g, P6
_cTEXL
_2cc
999 _c1024807
_d1024807